00493 2200145 4500001002100000008004100021035002000062245015500082100002100237260004600258084000800304082000800312650001200320990001500332INLIS000000000004676 ind  a0010-0125000383 aEvaluasi Kesesuaian Ketersediaan Obat Dengan Formularium Nasional Di Instalasi Farmasi Rsud Dr. H. Soemarno Sosroatmodjo Kuala KapuascTiara Fitri Ayu aFitri, Ayu Tiara aPalangka Raya :bPerpustakaan UMPR,c2024 a071 a071 aSKRIPSI a2071022364